| 000 | 01635nam0a2200361 4500 | ||
|---|---|---|---|
| 001 | RU\NLR\bibl\508641 | ||
| 005 | 20250609142028.0 | ||
| 010 |
_a5-8459-0571-0 _92500 |
||
| 021 |
_aRU _b2004-9429 _9487 |
||
| 035 | _a(NLR Aleph) 000501165 | ||
| 090 |
_a1174522 _c1174522 |
||
| 100 | _a20040407d2004 |||y0rusy50 ca | ||
| 101 | 1 |
_arus _ceng |
|
| 102 | _aRU | ||
| 105 | _aa ||||||||| | ||
| 200 | 1 |
_aСовременное проектирование на С++ _eОбобщ. программирование и прикл. шаблоны проектирования _fАндрей Александреску _g[Предисл. Скотта Мейерса и Джона Влиссидеса _gПер. с англ. и ред. к.ф.-м.н. Д.А. Клюшина] |
|
| 205 | _aИспр. изд. | ||
| 210 |
_aМ. и др. _cВильямс _d2004 |
||
| 215 |
_a335 с. _cил. _d24 |
||
| 225 | 1 |
_aСерия С++ In-Depth _fБьярн Страуструп _vТ. 3 |
|
| 300 | _aЗагл. и авт. ориг.: Modern C++ design/ Andrei Alexandrescu | ||
| 313 | _aизд.проверено | ||
| 320 | _aБиблиогр.: с. 329-330 | ||
| 320 | _aПредм. указ.: с. 331-335 | ||
| 454 | 0 |
_12001#$aModern C++ design$fAndrei Alexandrescu _1700#1$aAlexandrescu$bA.$gAndrei$4070 _tModern C++ design _aAlexandrescu, Andrei |
|
| 606 | 0 |
_aC++, язык программирования _92072018 _3RU\NLR\auth\661246828 |
|
| 686 | _aЗ973.23-018.1 | ||
| 700 | 1 |
_aАлександреску _bА. _gАндрей _4070 |
|
| 801 | 0 |
_aRU _bNLR _c20040407 _gPSBO |
|
| 801 | 1 |
_aRU _bNLR _c20040407 |
|
| 942 | _cBOOK | ||
| 980 | _aNB | ||